| 000 | 00000nam##2200000za#4500 |
| 001 | 9.569315 |
| 003 | CaOODSP |
| 005 | 20210624181717 |
| 007 | cr ||||||||||| |
| 008 | 150406|1995||||xxc|||||o f|0| 0 eng|d |
| 040 | |aCaOODSP|beng |
| 043 | |an-cn--- |
| 086 | 1 |aNH15-263/1995E-PDF |
| 110 | 2 |aCanada Mortgage and Housing Corporation. |
| 245 | 12|aA city of towns : |h[electronic resource]|balternatives for the planning and design of housing in St. John's, Newfoundland / |cby Robert Mellin. |
| 260 | |aOttawa - Ontario : |bCanada Mortgage and Housing Corporation |cSeptember 1995. |
| 300 | |a225p.|bfigs., illus., maps, photographs |
| 490 | 1 |aResearch report |
| 504 | |aBibliography. |
| 590 | |a12-25-Supp|b2012-06-04 |
| 720 | 1 |aMellin, Robert |
| 830 | #0|aResearch report (Canada Mortgage and Housing Corporation : Online)|w(CaOODSP)9.506068 |
| 856 | 40|ahttp://publications.gc.ca|qPDF|s8 MB|uhttps://publications.gc.ca/collections/collection_2011/schl-cmhc/nh18-1-2/NH15-263-1995-eng.pdf |